| 000 | 00804cab a2200253 4500 | ||
|---|---|---|---|
| 001 | ABS52246 | ||
| 008 | 090401t1995 xxu||||| |||| 00| 0 eng d | ||
| 035 | _a(Sirsi) u67981 | ||
| 041 | _aeng | ||
| 100 | _aBurton, M. | ||
| 245 | _aMinister hints at increases in competition | ||
| 260 | _c1995 | ||
| 350 | _a0 | ||
| 490 |
_aMunicipal Journal _v(7) 17 February 1995, 16-17(2) |
||
| 520 | _aLocal authorities are concerned that the DTI in the light of "CCT the private sector view" will revise CCT rules which will make it harder for in-house teams to win tenders. | ||
| 650 | _aCCT MARKET | ||
| 650 | _aCCT | ||
| 650 | _aCOMPULSORY COMPETITIVE TENDERING | ||
| 650 | _aIN-HOUSE TEAMS | ||
| 650 | _aPUBLIC SERVICES | ||
| 690 |
_aBlock management _96220 |
||
| 942 | _n0 | ||
| 948 | _c04/03/1997 | ||
| 999 |
_c42608 _d42608 |
||